Literatura noruega / (Record no. 124471)

MARC details
000 -LEADER
campo de control de longitud fija 00686nam a2200217 i 4500
001 - NÚMERO DE CONTROL
campo de control 124471
003 - IDENTIFICADOR DE NÚMERO DE CONTROL
campo de control ES-MaACL
005 - FECHA Y HORA DE LA ÚLTIMA TRANSACCIÓN
campo de control 20250817210227.0
007 - CAMPO FIJO DE DESCRIPCIÓN FÍSICA--INFORMACIÓN GENERAL
campo de control de longitud fija t|
008 - DATOS DE LONGITUD FIJA--INFORMACIÓN GENERAL
campo de control de longitud fija 070328s1931 sp ||||1| spa d
080 ## - NÚMERO DE LA CLASIFICACIÓN DECIMAL UNIVERSAL
Número de la Clasificación Decimal Universal 839.6.09
100 1# - ENTRADA PRINCIPAL--NOMBRE DE PERSONA
Nombre de persona Beyer, Harald.
9 (RLIN) 28721
245 10 - MENCIÓN DEL TÍTULO
Título Literatura noruega /
Mención de responsabilidad, etc. Harald Beyer ; traducción directa del alemán por J. Ernesto Martínez Ferrando.
260 ## - PUBLICACIÓN, DISTRIBUCIÓN, ETC.
Lugar de publicación, distribución, etc. Barcelona :
Nombre del editor, distribuidor, etc. Labor,
Fecha de publicación, distribución, etc. [1931]
300 ## - DESCRIPCIÓN FÍSICA
Extensión 174 p., XII p. de lám. ;
Dimensiones 17 cm.
490 1# - MENCIÓN DE SERIE
Mención de serie Colección Labor ;
Designación de volumen o secuencia 280
700 1# - ENTRADA AGREGADA--NOMBRE PERSONAL
Nombre de persona Martínez Ferrando, Ernest,
Fechas asociadas al nombre 1891-1965
9 (RLIN) 78083
830 00 - PUNTO DE ACCESO ADICIONAL DE SERIE-TÍTULO UNIFORME
Título uniforme Colección Labor
Designación de volumen o secuencia 280
9 (RLIN) 184254
852 ## - LOCALIZACIÓN
Ubicación ES-MaACL
Número de control de estantería E-2775
Holdings
Estatus retirado Estado de pérdida Estado de daño No para préstamo Biblioteca de origen Biblioteca actual Ubicación en estantería Fecha de adquisición Fuente de adquisición Total de préstamos Signatura topográfica completa Código de barras Visto por última vez Precio de reemplazo Tipo de ítem Koha
        Biblioteca del Ateneo de Madrid Biblioteca del Ateneo de Madrid Depósito 2 17/01/2008     E-2775 1129684 23/02/2023 23/02/2023 Libro impreso